Marketing obnoviteľných zdrojov v rámci EÚ (s ohľadom na SR) bakalárska práca

Salvato in:
Dettagli Bibliografici
Autore principale: Fabianová, Mária
Ente Autore: Obchodná fakulta EU. Katedra medzinárodného obchodu
Altri autori: Šimorová, Lenka
Natura: Libro
Lingua:slovacco
Pubblicazione: Bratislava 2012
Tags: Aggiungi Tag
Nessun Tag, puoi essere il primo ad aggiungerne!!

MARC

LEADER 00000nbm a2200000 4500
001 0154273
005 20161109111831.8
041 0 |a slo 
044 |a SK 
245 1 0 |a Marketing obnoviteľných zdrojov v rámci EÚ (s ohľadom na SR)  |b bakalárska práca  |c Mária Fabianová ; školiteľ: Lenka Šimorová 
264 1 |a Bratislava  |c 2012 
300 |a 56 s. 
100 1 |a Fabianová, Mária 
700 1 |a Šimorová, Lenka 
710 2 |a Obchodná fakulta EU. Katedra medzinárodného obchodu